| 000 | 00521nam a2200157Ia 4500 | ||
|---|---|---|---|
| 003 | GCL | ||
| 005 | 20240530105348.0 | ||
| 008 | 140319s9999 xx 000 0 ara d | ||
| 040 |
_aGCL / _cGCL |
||
| 082 | 0 | 4 |
_a343.08 _bع م |
| 100 | 0 | _aعادل محمد خير | |
| 245 | 1 | 0 |
_aمبادئ القانون فى مجال التشريعات السياحية / _cعادل محمد خير |
| 260 |
_a[S.N] : _bلجنة الاعلام والدراسات المستقبلية ، _c1990 |
||
| 300 | _a200 ص | ||
| 942 |
_2ddc _cBK |
||
| 999 |
_c55311 _d55311 |
||